| 000 | 02107cam a22004934i 4500 | ||
|---|---|---|---|
| 003 | PE-LiUPU | ||
| 005 | 20250731173303.0 | ||
| 008 | 150625s2004 ck a r 000 0 spa d | ||
| 020 | _a311030599 | ||
| 035 | _a(Sirsi) i311030599 | ||
| 040 |
_aPE-LiUPU _bspa _cPE-LiUPU _erda |
||
| 049 | _aPRUA | ||
| 082 | 0 | 4 |
_a221.077 _bW19 _221 |
| 100 | 1 |
_aWalton, John H., _eautor. |
|
| 245 | 1 | 0 |
_aComentario del contexto cultural de la Bíblia : _bAntiguo Testamento / _cJohn H. Walton. |
| 264 | 1 |
_aBogotá : _bMundo Hispano, _c2004. |
|
| 300 |
_a951 páginas : _bilustraciones ; _c24 centímetros |
||
| 336 |
_atext _2rdacontent |
||
| 337 |
_aunmediated _2rdamedia |
||
| 338 |
_avolume _2rdacarrier |
||
| 505 | 0 | _aPentateuco: Introducción --Literatura poética y sapiencial: Introducción --Literatura profética: Introducción. | |
| 526 | _aSEG42 | ||
| 526 | _aSEG41 | ||
| 526 | _aSEG40 | ||
| 526 | _aSEG39 | ||
| 526 | _aP94 | ||
| 526 | _aP87 | ||
| 526 | _aP86 | ||
| 526 | _aP85 | ||
| 526 | _aP77 | ||
| 526 | _aP76 | ||
| 526 | _aP35 | ||
| 541 | _g002-000523; | ||
| 541 | _g001-0014465; | ||
| 630 |
_aBiblia. _pA.T. _xComentarios. |
||
| 910 |
_bjv _cng _d20080111 |
||
| 942 |
_2ddc _cBOOK |
||
| 949 |
_a221.077 W19 _wDEWEY _c1 _i57693 _d2016-10-2 _e2016-9-28 _lCCODEBUL1 _mBUL _n5 _p44.00 _r0 _sY _tBOOK _u2015-6-25 _xTEOLOGIA _zUNKNOWN _0COMPRA _o.STAFF. Colección Teología |
||
| 949 |
_a221.077 W19 _wDEWEY _c2 _i55542 _d2016-9-28 _e2016-9-26 _lCCODEBUL1 _mBUL _n7 _p23.00 _r0 _sY _tBOOK _u2015-6-25 _xTEOLOGIA _zUNKNOWN _0COMPRA _o.STAFF. Colección Teología |
||
| 994 |
_aC0 _bPEPRU |
||
| 596 | _a1 | ||
| 999 |
_a221.077 W19 _wDEWEY _c44420 _i57693 _d44420 _e2018-6-5 _f2021-11-9 _g5 _lCCODEBUL1 _mBUL _n13 _p44.00 _q43 _r0 _sY _tBOOK _u2015-6-25 _xTEOLOGIA _zUNKNOWN _0COMPRA _o.STAFF. Colección Teología |
||
| 999 |
_a221.077 W19 _wDEWEY _c2 _i55542 _d2022-7-18 _e2022-6-28 _f2021-11-9 _g5 _lCCODEBUL1 _mBUL _n17 _p23.00 _q27 _r0 _sY _tBOOK _u2015-6-25 _xTEOLOGIA _PP35 _0COMPRA _o.STAFF. Colección Teología |
||
| 980 |
_81 _gALBERTO SANCHEZ Responsable de Automatización |
||